Langgar lari

Bibliographic Details
Main Author: Muhammad bin Harun
Corporate Author: Title
Format: Book
Published: Selangor : Mika Canggih , 2005
Series:Siri penyiasatan tiga serangkai
Subjects:

MARC

LEADER 00000cam a2200000 7i4500
001 0000000587
005 20151222.0
008 070702
020 |a 9831862006(set) 
020 |a 9831862112 
090 0 0 |a JF   |b AD MAL (892) 
100 0 |a Muhammad bin Harun 
245 1 0 |a Langgar lari   |c Muhammad bin Harun 
260 |a Selangor :   |b Mika Canggih ,   |c 2005 
440 |a Siri penyiasatan tiga serangkai 
500 |a Children ages 7-9 years old (orange) 
650 0 |a Adventure 
650 0 |a Junior fiction   |x Malay   |x Languages 
710 0 |a Title 
999 |a 0000959875   |b Book   |c Children Collection   |e Cawangan Batu Pahat 
999 |a 0000959876   |b Book   |c Children Collection   |e Perbadanan Perpustakaan Awam Johor 
999 |a 0000960661   |b Book   |c Children Collection   |e Cawangan Bandar Penawar 
999 |a 0000960662   |b Book   |c Children Collection   |e Perbadanan Perpustakaan Awam Johor 
999 |a 0001138649   |b Book   |c Children Collection   |e Cawangan Segamat 
999 |a 0001145402   |b Book   |c Children Collection   |e Cawangan Bandar Penawar 
999 |a 0001151621   |b Book   |c Children Collection   |e Cawangan Segamat 
999 |a 0001151622   |b Book   |c Children Collection   |e Cawangan Tmn. Ungku Tun Aminah 
999 |a 0001151623   |b Book   |c Children Collection   |e Cawangan Bandar Penawar 
999 |a 000905542   |b Book   |c Children Collection   |e Cawangan Bandar Tenggara 
999 |a 000905543   |b Book   |c Children Collection   |e Cawangan Bandar Tenggara 
999 |a 000905544   |b Book   |c Children Collection   |e Cawangan Bandar Tenggara 
999 |a 000905545   |b Book   |c Children Collection   |e Cawangan Bandar Tenggara